Представление документа в формате MARC21

Поле Инд. ПП Название Значение
Тип записи a
Библиографический уровень b
001 Контрольный номер RU/IS/BASE/109704479
005 Дата корректировки 20200528185501.0
084 a Индекс другой классификации/Индекс ББК 60.545.1; 60.507
100 1_ a Автор Кошман А. Л.
245 a Заглавие Подходы к изучению национальной идеи в современной западной социологии
504 a Библиография Библиогр. ссылки
650 a Основная рубрика социология
a Основная рубрика этносоциология
a Основная рубрика социология групп
653 a Ключевые слова гражданский национализм
a Ключевые слова инструментализм
a Ключевые слова инструменталистский подход
a Ключевые слова конструктивизм
a Ключевые слова конструктивистский подход
a Ключевые слова натуралистическая социология
a Ключевые слова натуралистический подход
a Ключевые слова нации
a Ключевые слова национализм
a Ключевые слова национальная идентичность
a Ключевые слова национальная идеология
a Ключевые слова национальная идея
a Ключевые слова нация
a Ключевые слова социокультурная трансформация этничности
a Ключевые слова социологические направления
a Ключевые слова социологические теории
a Ключевые слова этничность
773 t Заглавие источника Вестник Московского университета. Серия 18, Социология и политология
d Дата издания источника 2002
g Прочая информация № 3. - С. 147 - 157
w Контрольный № источника RU/IS/BASE/148577983
901 t Тип документа b